The hijrah : the necessity of its iqamat or vergegenwartigung

Bibliographic Details
Main Author: Al-Faruqi, Isma'il R. , 1921-1986 (Author)
Format: Book
Published: Kuala Lumpur : Muslim Youth Movement of Malaysia , 1981
Subjects:

MARC

LEADER 00000cam a2200000 7i4500
001 0000006681
005 20161214093000.0
008 021119s1981
090 0 0 |a BP170.85   |b .F378 
100 0 |a Al-Faruqi, Isma'il R. ,   |d 1921-1986 ,   |e author 
245 1 4 |a The hijrah :   |b the necessity of its iqamat or vergegenwartigung   |c Ismail Raji al-Faruqi 
260 2 |a Kuala Lumpur :   |b Muslim Youth Movement of Malaysia ,   |c 1981 
300 |a 93 p. ;   |c 22 cm. 
600 0 0 |a Muhammad ,   |c Prophet ,   |d d. 632   |x Hijrah 
650 0 |a Communication   |x Religious aspects   |x Islam 
650 0 |a Da'wah (Islam) 
650 0 |a Islam and state 
999 |a 1000007022   |b Book   |c OPEN SHELF (30 DAYS)   |e Gong Badak Campus